Un modelo multisectorial computable para la economía argentina (Registro nro. 24774)

Detalles MARC
000 -LEADER
fixed length control field 00348 a2200109 4500
001 - CONTROL NUMBER
control field ART_10483
005 - DATE AND TIME OF LATEST TRANSACTION
control field 20260410161848.0
008 - FIXED-LENGTH DATA ELEMENTS--GENERAL INFORMATION
fixed length control field 260409a
100 1# - MAIN ENTRY--PERSONAL NAME
Personal name Sturzenegger, Adolfo
245 10 - TITLE STATEMENT
Title Un modelo multisectorial computable para la economía argentina
773 0# - HOST ITEM ENTRY
Title Económica
Related parts - Año XXII, Nº 1 (ene./abr.1976)
Record control number REV7541

No hay ítems disponibles.